• "Volumi presenti : I; III: III/2; IV; V; VII/1; XVII; XXI; XXII; XXIII; XXIV; XXV; XXVI; XXVII; XXVIII; XXIX; XXX/2; XXXII/1; XXXII/2; XXXIII;"

di Personal Name

Records bibliografici associati: 1

001 - CONTROL NUMBER

  • control field: 34839

003 - CONTROL NUMBER IDENTIFIER

  • control field: IT-RoPau

005 - DATE AND TIME OF LATEST TRANSACTION

  • control field: 20150605221906.0

008 - FIXED-LENGTH DATA ELEMENTS

  • fixed length control field: 150605|| aca||aabn | a|a d

040 ## - CATALOGING SOURCE

  • Original cataloging agency: IT-RoPau
  • Transcribing agency: IT-RoPau

100 ## - HEADING--PERSONAL NAME

  • Personal name: "Volumi presenti : I; III: III/2; IV; V; VII/1; XVII; XXI; XXII; XXIII; XXIV; XXV; XXVI; XXVII; XXVIII; XXIX; XXX/2; XXXII/1; XXXII/2; XXXIII;"

670 ## - SOURCE DATA FOUND

  • Source citation: Work cat.: (IT-RoPau)18414: Augustinus 34838, Opere di S. Agostino. Nuova biblioteca agostiniana
CREDITS: SOCIETA' SAN PAOLO Via A.Severo, 58 - ROMA (RM) & PERIODICI SAN PAOLO SRL Via Giotto, 36 MILANO & CISF Via Giotto, 36 MILANO & EDIZIONI SAN PAOLO SRL,  Piazza Soncino, 5 CINISELLO BALSAMO (MI) -- ITALY